000 00284nam a2200121Ia 4500
008 190216s9999||||xx |||||||||||||| ||und||
100 _aRichard Brinsley Sheridan
245 4 _aThe Rivals
260 _bOrient Longman
_c1967
300 _a144p
650 _aEnglish Drama
942 _cBK
999 _c12066
_d12066